000 00786nam a22002177a 4500
003 0
005 20250124114817.0
008 250124b xxu||||| |||| 00| 0 eng d
020 _a978-0-443-13739-6
050 _aQA 76.9
_b.W39 2024
100 _aWazlawick, Raul Sidnei
245 _aObject-oriented analysis and design for information systems
_bagile modeling with UM, BPMN, OCL, IFML, and python
_cRaul Sidnei Wazlawick
250 _aSecond edition
260 _aCambridge
_bMorgan Kaufmann
_c2024
300 _ax, 391 pages :
_billustrations ;
_c23cm.
504 _aIncludes bibliographical references and index.
650 _aObject-oriented methods (Computer science).
650 _aSystem design.
650 _aInformation technology—Management.
942 _2lcc
_cBK
999 _c367049
_d367049